<?xml version='1.0' encoding='UTF-8'?>
  <record xmlns="http://www.loc.gov/MARC21/slim">
    <leader>00000cam a22000007i 4500</leader>
    <controlfield tag="001">ocm65360278</controlfield>
    <controlfield tag="003">OCoLC</controlfield>
    <controlfield tag="005">20241013060439.3</controlfield>
    <controlfield tag="008">900517s1686    ne            000 0 dut d</controlfield>
    <datafield tag="040" ind1=" " ind2=" ">
      <subfield code="a">NLGGC</subfield>
      <subfield code="b">dut</subfield>
      <subfield code="e">fobidrtb</subfield>
      <subfield code="c">NLGGC</subfield>
      <subfield code="d">QGJ</subfield>
      <subfield code="d">OCLCA</subfield>
      <subfield code="d">OCLCL</subfield>
      <subfield code="d">OCLCQ</subfield>
    </datafield>
    <datafield tag="026" ind1=" " ind2=" ">
      <subfield code="e">168604 - a1 *2 n$ : a2 4*3 erkstu - b1 A n, : b2 2X $kon</subfield>
      <subfield code="2">stcnf</subfield>
    </datafield>
    <datafield tag="029" ind1="0" ind2=" ">
      <subfield code="a">NLGGC</subfield>
      <subfield code="b">061573132</subfield>
    </datafield>
    <datafield tag="035" ind1=" " ind2=" ">
      <subfield code="a">(OCoLC)65360278</subfield>
    </datafield>
    <datafield tag="100" ind1="1" ind2=" ">
      <subfield code="a">Nuis, H.J.</subfield>
      <subfield code="q">(Henrik Jaspar),</subfield>
      <subfield code="d">1686 fl.</subfield>
      <subfield code="1">https://id.oclc.org/worldcat/entity/E39PCjHw9CvCTtTdMxTRhW9PXq</subfield>
    </datafield>
    <datafield tag="245" ind1="1" ind2="3">
      <subfield code="a">'t Gebruik van het rectangulum catholicum geometrico-astronomicum, ofte regthoekig algemein meet- en sterkundig plat :</subfield>
      <subfield code="b">verstrekkende voor een proportionaal-passer, meetkundig astrolabium, algemeine zonnewyzer en verscheiden andere werktuigen ... /</subfield>
      <subfield code="c">door Henrik Jaspar Nuis.</subfield>
    </datafield>
    <datafield tag="260" ind1=" " ind2=" ">
      <subfield code="a">Te Zwolle :</subfield>
      <subfield code="b">by Gerard Tydeman,</subfield>
      <subfield code="c">1686.</subfield>
    </datafield>
    <datafield tag="300" ind1=" " ind2=" ">
      <subfield code="a">XXXII, 362 p. :</subfield>
      <subfield code="b">ill. ;</subfield>
      <subfield code="c">in-4.</subfield>
    </datafield>
    <datafield tag="336" ind1=" " ind2=" ">
      <subfield code="a">tekst</subfield>
      <subfield code="b">txt</subfield>
      <subfield code="2">rdacontent/dut</subfield>
    </datafield>
    <datafield tag="337" ind1=" " ind2=" ">
      <subfield code="a">zonder medium</subfield>
      <subfield code="b">n</subfield>
      <subfield code="2">rdamedia/dut</subfield>
    </datafield>
    <datafield tag="338" ind1=" " ind2=" ">
      <subfield code="a">band</subfield>
      <subfield code="b">nc</subfield>
      <subfield code="2">rdacarrier/dut</subfield>
    </datafield>
    <datafield tag="530" ind1=" " ind2=" ">
      <subfield code="a">Titel is geselecteerd voor digitalisering voor de Universiteit van Amsterdam in het kader van het Google Books-project.</subfield>
    </datafield>
    <datafield tag="710" ind1="0" ind2=" ">
      <subfield code="a">Tydeman, Gerrit (Zwolle)</subfield>
      <subfield code="4">prt</subfield>
      <subfield code="0">(NL-LeOCL)077149572</subfield>
    </datafield>
    <datafield tag="758" ind1=" " ind2=" ">
      <subfield code="a">'t Gebruik van het rectangulum catholicum geometrico-astronomicum, ofte regthoekig algemein meet- en sterkundig plat (Text)</subfield>
      <subfield code="1">https://id.oclc.org/worldcat/entity/E39PCY6wJ4YKb8RpQFvktcjJJ8</subfield>
      <subfield code="4">https://id.oclc.org/worldcat/ontology/hasWork</subfield>
    </datafield>
    <datafield tag="776" ind1="0" ind2=" ">
      <subfield code="t">'t Gebruik van het rectangulum catholicum geometrico-astronomicum, ofte regthoekig algemein meet- en sterkundig plat</subfield>
      <subfield code="w">(NL-LeOCL)401760170</subfield>
    </datafield>
    <datafield tag="776" ind1="0" ind2=" ">
      <subfield code="t">'t Gebruik van het rectangulum catholicum geometrico-astronomicum, ofte regthoekig algemein meet- en sterkundig plat</subfield>
      <subfield code="w">(NL-LeOCL)401760189</subfield>
    </datafield>
    <datafield tag="936" ind1=" " ind2=" ">
      <subfield code="a">BATCHLOAD</subfield>
    </datafield>
  </record>